000 00949pam a2200265 a 4500
001 2895493
003 NUST-PNEC
005 20170116180715.0
008 870710s1988 enkaf b 001 0 eng
010 _a 87020887
020 _a0408007079
040 _cPNEC
050 0 0 _aTK2511
_b.E423 1988
082 0 0 _a621.462 CHA
_219
100 _9666
_aChalmers, B.J.
245 0 0 _aElectric motor handbook /
_cedited by B.J. Chalmers.
260 _aLondon ;
_aBoston :
_bButterworths,
_c1988.
300 _a546 p., :
_bill. (some col.) ;
_c24 cm.
500 _aIncludes Index http://www.amazon.com/Electric-Motor-Handbook-B-Chalmers/dp/0408007079/ref=sr_1_1?s=books&ie=UTF8&qid=1413455992&sr=1-1&keywords=0408007079
504 _aIncludes bibliographies and index.
650 0 _aElectric motors
_xHandbooks, manuals, etc.
_xME
700 1 _aChalmers, B. J.
_q(Brian John)
906 _a7
_bcbc
_corignew
_d1
_eocip
_f19
_gy-gencatlg
942 _2ddc
_cBK
999 _c61118
_d61118